| 000 | 00686nam a2200133Ia 4500 | ||
|---|---|---|---|
| 008 | 160809s9999 xx 000 0 und d | ||
| 100 | _aTaylor, Amy E. | ||
| 245 | _aTriangulating meta-analyses: the example of the serotonin transporter gene, stressful life events and major depression | ||
| 245 | _cAmy E. Taylor and Marcus R. Munafò. | ||
| 260 | _bBMC Psychology | ||
| 260 | _c31-Mayo-16 | ||
| 650 | _xPSYCHOLOGY | ||
| 856 | _uhttp://download.springer.com/static/pdf/337/art%253A10.1186%252Fs40359-016-0129-0.pdf?originUrl=http%3A%2F%2Fbmcpsychology.biomedcentral.com%2Farticle%2F10.1186%2Fs40359-016-0129-0&token2=exp=1469410502~acl=%2Fstatic%2Fpdf%2F337%2Fart%25253A10.1186%25252F | ||
| 999 |
_c300197 _d300197 |
||